Cátedra Información rural : carpeta de trabajos prácticos 1992 /

Guardado en:
Autor Principal: Leguizamón, Delia.
Formato: Libro
Idioma:Spanish
Publicado: Bahía Blanca : Universidad nacional del Sur, 1992.
Materias:
Uns
Etiquetas: Agregar Etiqueta
Sin Etiquetas, Sea el primero en etiquetar este registro!
LEADER 00707nam a22002295a 4500
001 EUN.um066021
003 AR-BaUNS
005 20050623122930.0
008 041125s1992####ag#a##########000#0#spa#d
245 1 0 |a Cátedra Información rural :  |b carpeta de trabajos prácticos 1992 /  |c Delia Leguizamón. 
260 |a Bahía Blanca :  |b Universidad nacional del Sur,  |c 1992. 
300 |a Paginación varia :  |b ilus. ;  |c 35,5 cm. 
100 1 |a Leguizamón, Delia. 
082 0 4 |a 333.332 
082 0 4 |a 631 
653 |a Tierra 
653 |a Tierra agricola 
653 |a Ganado 
653 |a Tasacion 
653 |a Levantamientos catastrales 
653 |a Uns 
859 |a Ar-BaUNS  |b BIB. CENTRAL - Sector A  |h 333.332  |i L527  |p 106820/997